| 000 | 00419pab a2200169 454500 | ||
|---|---|---|---|
| 008 | 180718b2008 xxu||||| |||| 00| 0 eng d | ||
| 100 | _aKochar, Anjini | ||
| 245 | _aThe effectiveness of India's anti-poverty programmes | ||
| 260 | _c2008 | ||
| 300 | _ap.1289-308. | ||
| 362 | _aOct | ||
| 650 | _aPoverty - India | ||
| 650 | _aPoverty | ||
| 773 | _aJournal of Development Studies | ||
| 908 | _aN | ||
| 909 | _a80394 | ||
| 999 |
_c80394 _d80394 |
||